| 000 | 00349 a2200157 4500 | ||
|---|---|---|---|
| 001 | 186093 | ||
| 020 | _a0-435-27338-8 | ||
| 040 | _cMagnum | ||
| 100 | _aCooper, James Fenimore | ||
| 240 | 1 | 0 |
_aThe last of the Mohicans _lING |
| 245 | 1 | 0 | _aThe last of the Mohicans |
| 300 | _a60 | ||
| 362 | 0 | _a2000 | |
| 697 | _aLITERATURA INGLESA | ||
| 942 | _cBK | ||
| 999 |
_c186093 _d186093 |
||